EA FC26 All Gold Asia Players - Statistics

General Stats
  • This quiz has been taken 43 times
  • The average score is 9 of 26
Answer Stats
Rate Club Nation Answer % Correct
85 LAFC South Korea Heung Min Son
100%
87 PSG Georgia Khvicha Kvaratskhelia
100%
82 Bayern South Korea Kim Min Jae
97%
83 Inter Armenia Henrikh Mkhitaryan
91%
84 Liverpool Georgia Giorgi Mamardashvili
85%
77 Man City Uzbekistan Abdukodir Khusanov
68%
79 PSG South Korea Lee Kang In
65%
78 Olympiacos Iran Mehdi Taremi
62%
82 Al Hilal Saudi Arabia Salem Al Dawsari
53%
75 Wolves South Korea Hwang Hee Chan
44%
77 Villarreal Georgia Georges Mikautadze
35%
77 Villarreal Israel Manor Solomon
32%
76 Ajax Israel Oscar Gloukh
18%
75 Stade Rennais Jordan Musa Al Tamari
15%
77 Mainz South Korea Lee Jae Sung
12%
79 Belgrano Armenia Lucas Zelarayan
12%
75 Lens Saudi Arabia Saud Abdulhamid
12%
78 Cremonese Indonesia Emil Audero
9%
75 Ferencvaros Israel Abu Fani
3%
77 Feyenoord South Korea Hwang In Beom
3%
75 Ulsan HD South Korea Jo Hyeon Woo
3%
75 Sturm Graz Georgia Otar Kiteishvili
3%
75 Al Ahli Saudi Arabia Firas Al Birekan
0%
75 Gimcheon South Korea Lee Dong Kyeong
0%
75 Al Qadsiah Saudi Arabia Musab Al Juwair
0%
75 Seoul Jordan Yazan Al Arab
0%
No matching quizzes found
Score Distribution
Percent of People with Each Score
Percentile by Number Answered
Your Score History
You have not taken this quiz